Les techniques de la critique et de l' histoire litteraires en litterature francaise moderne
Αποθηκεύτηκε σε:
| Κύριος συγγραφέας: | |
|---|---|
| Άλλοι συγγραφείς: | |
| Μορφή: | Βιβλίο |
| Γλώσσα: | French |
| Δημοσίευση: |
Paris :
Slatkine Reprints,
c1979
|
| Σειρά: | Collection Ressources
|
| Θέματα: | |
| Ετικέτες: |
Προσθήκη ετικέτας
Δεν υπάρχουν, Καταχωρήστε ετικέτα πρώτοι!
|
MARC
| LEADER | 00000nam a2200000 i 4500 | ||
|---|---|---|---|
| 001 | 1/10971 | ||
| 008 | 000907s1979 fre d | ||
| 035 | |l 10063656 | ||
| 040 | |a GR-MY-UA |b gre |e aacr | ||
| 041 | 0 | |a fre | |
| 082 | 0 | |a 801.9590944 | |
| 100 | 1 | |a Rudler, Gustave |d 1872-1957. | |
| 245 | 1 | 4 | |a Les techniques de la critique et de l' histoire litteraires en litterature francaise moderne / |c Gustave Rudler ; presentation d' Ephraim Harpaz |
| 260 | |a Paris : |b Slatkine Reprints, |c c1979 | ||
| 300 | |a xv, 204 p.; |c 22 cm | ||
| 490 | 1 | |a Collection Ressources | |
| 650 | 0 | 0 | |a French literature |x History and criticism. |
| 650 | 0 | 0 | |a Criticism, Textual. |
| 700 | 1 | |a Harpaz, Ephraim. |4 aui | |
| 830 | 0 | |a Collection Ressources | |
| 852 | |a INST |b RHODES |e 20000907 |h 801.9590944 RUD |p 005400017381 |q 005400017381 |t BK |y 0 | ||
| 901 | |a BIBL4-2000-3 | ||
| 909 | |a Ρ |b 077899 | ||
| 922 | |a 4ΕΛΗ |b 200004 |c ΚΠΣ/154 |d GLORY BOOKS | ||
| 970 | |z 2000/09/ΣΟΦΙΑ | ||